Economics in a business Context (Record no. 3382)

000 -LEADER
fixed length control field 01110cam a2200349 a 4500
001 - CONTROL NUMBER
control field 4018002
003 - CONTROL NUMBER IDENTIFIER
control field OSt
005 - DATE AND TIME OF LATEST TRANSACTION
control field 20161005103559.0
008 - FIXED-LENGTH DATA ELEMENTS--GENERAL INFORMATION
fixed length control field 970922s1998 enka 001 0 eng
010 ## - LIBRARY OF CONGRESS CONTROL NUMBER
LC control number 97038500
020 ## - INTERNATIONAL STANDARD BOOK NUMBER
International Standard Book Number 9781861524003 (pbk. : alk. paper)
040 ## - CATALOGING SOURCE
Original cataloging agency DLC
Transcribing agency DLC
Modifying agency DLC
043 ## - GEOGRAPHIC AREA CODE
Geographic area code e-uk---
050 00 - LIBRARY OF CONGRESS CALL NUMBER
Classification number HB171.5.H37 2000
082 00 - DEWEY DECIMAL CLASSIFICATION NUMBER
Classification number 330
Edition number 21
100 1# - MAIN ENTRY--PERSONAL NAME
Personal name Haslam, Colin
Dates associated with a name 1947-
245 10 - TITLE STATEMENT
Title Economics in a business Context
Statement of responsibility, etc Colin Haslam, Alan Neale and Sukhdev Johal
250 ## - EDITION STATEMENT
Edition statement 3rd ed.
260 ## - PUBLICATION, DISTRIBUTION, ETC. (IMPRINT)
Place of publication, distribution, etc London ;
-- New York :
Name of publisher, distributor, etc Thomson Learning
Date of publication, distribution, etc c2000.
300 ## - PHYSICAL DESCRIPTION
Extent xx, 257p. :
Other physical details col. ill. ;
Dimensions 25 cm.
504 ## - BIBLIOGRAPHY, ETC. NOTE
Bibliography, etc Includes index.
650 #0 - SUBJECT ADDED ENTRY--TOPICAL TERM
Topical term or geographic name as entry element Economics.
650 #0 - SUBJECT ADDED ENTRY--TOPICAL TERM
Topical term or geographic name as entry element Business.
650 #0 - SUBJECT ADDED ENTRY--TOPICAL TERM
Topical term or geographic name as entry element Commerce.
651 #0 - SUBJECT ADDED ENTRY--GEOGRAPHIC NAME
Geographic name Great Britain
General subdivision Economic policy
Chronological subdivision 1945-
651 #0 - SUBJECT ADDED ENTRY--GEOGRAPHIC NAME
Geographic name Great Britain
General subdivision Commercial policy.
700 1# - ADDED ENTRY--PERSONAL NAME
Personal name Alan Neale
Titles and other words associated with a name M.Sc.
700 1# - ADDED ENTRY--PERSONAL NAME
Personal name Johale, Sukhdev
906 ## - LOCAL DATA ELEMENT F, LDF (RLIN)
a 7
b cbc
c orignew
d 1
e ocip
f 19
g y-gencatlg
942 ## - ADDED ENTRY ELEMENTS (KOHA)
Source of classification or shelving scheme
Koha item type Book
Holdings
Withdrawn status Lost status Source of classification or shelving scheme Damaged status Not for loan Home library Current library Shelving location Date acquired Total Checkouts Full call number Barcode Date last seen Copy number Price effective from Koha item type
          Riara University Library Riara University Library General stack 05/10/2016   HB171.5.H37 2000 7976/16 05/10/2016 C.1 05/10/2016 Book
          Riara University Library Riara University Library General stack 18/10/2016   HB171.5.H37 2000 8488/16 18/10/2016 C.2 18/10/2016 Book

Riara University Library,
P.O. Box 49940-00100,
Nairobi, Kenya.